000 00801cam a2200193 a 4500
020 _a0309033683 (pbk.) :
082 0 0 _a629.22233
_bNAT
_cD
245 0 0 _aTransit bus maintenance, equipment management, routine maintenance, and improving work zone safety /
_cTransportation Research Board, National Research Council.
260 _aWashington, D.C. :
_bNational Academy of Sciences,
_c1982.
300 _aiv, 39 p. :
_bill. ;
_c28 cm.
500 _aReports from the Transportation Research Board's 61st annual meeting.
526 _a0
_b0
_c0
_d629_222330000000000_NAT
650 0 _aBuses
_xMaintenance and repair.
_938328
650 0 _aMCE
_9379
650 0 _aRoads
_xMaintenance and repair.
_919609
650 0 _aTransportation.
710 2 _aNational Research Council (U.S.).
_920017
942 _2ddc
_cBK
999 _c548190
_d548190